000 00559nam a2200181 i 4500
001 90018
003 ES-MaACL
005 20240601063024.0
007 t|
008 050117s1979 sp ||||1| spa d
100 0 _aLázaro, Juan Antonio,
_d1929-1986
_970791
245 1 0 _aXII apuntes para un libro de versos en España /
_cJuan Antonio Lázaro.
260 _a[Madrid :
_bs.n.,
_c1979] (
_fGráf. Catena)
300 _a68 p. ;
_c21 cm.
852 _aES-MaACL
_jL-2042
_bR.102168
852 _aES-MaACL
_jA-10902
_bR.100311
999 _c90018
_d90018